2nd CIB international symposium on building pathology, durability and rehabilitation (Record no. 103254)
[ view plain ]
| 000 -LEADER | |
|---|---|
| fixed length control field | 01443cam a2200229 4500 |
| 008 - FIXED-LENGTH DATA ELEMENTS--GENERAL INFORMATION | |
| fixed length control field | 031215n2003 000 0 eng u |
| 020 ## - INTERNATIONAL STANDARD BOOK NUMBER | |
| International Standard Book Number | 972491982X |
| 035 ## - SYSTEM CONTROL NUMBER | |
| System control number | (Sirsi) u124616 |
| 041 ## - LANGUAGE CODE | |
| Language code of text/sound track or separate title | eng |
| 050 ## - LIBRARY OF CONGRESS CALL NUMBER | |
| Classification number | 690.25 |
| -- | 18 |
| 111 ## - MAIN ENTRY--MEETING NAME | |
| Meeting name or jurisdiction name as entry element | CIB International Symposium on building pathology, durability and rehabilitation |
| Number of part/section/meeting | (2nd : |
| Date of meeting or treaty signing | 2003 : |
| Location of meeting | Lisbon) |
| 111 ## - MAIN ENTRY--MEETING NAME | |
| Meeting name or jurisdiction name as entry element | CIB International Symposium on Building Pathology, Durability and Rehabilitation |
| Number of part/section/meeting | 2nd : |
| 245 ## - TITLE STATEMENT | |
| Title | 2nd CIB international symposium on building pathology, durability and rehabilitation |
| Remainder of title | learning from errors and defects in building 2003 |
| 260 ## - PUBLICATION, DISTRIBUTION, ETC. | |
| Place of publication, distribution, etc. | Lisbon |
| Name of publisher, distributor, etc. | Laboratorio Nacional de Engenheria Civil |
| Date of publication, distribution, etc. | 2003 |
| 300 ## - PHYSICAL DESCRIPTION | |
| Extent | xxi, 686p. |
| Dimensions | 25cm |
| 520 ## - SUMMARY, ETC. | |
| Summary, etc. | Proceedings of the international symposium held in Lisbon, 6-8 November 2003, a series of lectures and papers on various themes encompassing the different approaches to building pathology: tools and methodologies for research, recording and diagnosis; costs involved in the preventative maintenance of buildings, in the repair of anomalies and in the adequate design of long-lasting and sustainable constructions; case studies; and dissemination of knowledge to those involved in the construction process and students. Published in English and Spanish. |
| 650 ## - SUBJECT ADDED ENTRY--TOPICAL TERM | |
| Topical term or geographic name entry element | BUILDING PATHOLOGY |
| 650 ## - SUBJECT ADDED ENTRY--TOPICAL TERM | |
| Topical term or geographic name entry element | DURABILITY |
| 650 ## - SUBJECT ADDED ENTRY--TOPICAL TERM | |
| Topical term or geographic name entry element | REHABILITATION |
| 690 ## - LOCAL SUBJECT ADDED ENTRY--TOPICAL TERM (OCLC, RLIN) | |
| Topical term or geographic name as entry element | BUILDING AND CONSTRUCTION-DEFECTS AND FAILURES |
| 942 ## - ADDED ENTRY ELEMENTS (KOHA) | |
| Suppress in OPAC | 0 |
| Withdrawn status | Lost status | Source of classification or shelving scheme | Damaged status | Not for loan | Home library | Current library | Shelving location | Date acquired | Total Checkouts | Full call number | Barcode | Date last seen | Date last checked out | Copy number | Price effective from | Koha item type |
|---|---|---|---|---|---|---|---|---|---|---|---|---|---|---|---|---|
| Dewey Decimal Classification | London | London | Basement | 07/01/2004 | 4 | BASMENT | 30068961 | 06/08/2019 | 06/05/2005 | 1 | 06/08/2019 | Book |